Manažment hodnoty hotelových zariadení
Analýza špecifických činností pri podnikaní v hoteliérstve. Typy a ohodnotenia v hotelovom priemysle. Spracovanie benchmarkingu. Hotel ako podnik. Produkt a marketing. Metóda optimalizácie zisku (yield management).
Salvato in:
| Autore principale: | |
|---|---|
| Altri autori: | |
| Natura: | Capitolo di libro |
| Lingua: | slovacco |
| Soggetti: | |
| Tags: |
Nessun Tag, puoi essere il primo ad aggiungerne!!
|
MARC
| LEADER | 00000naa$a2200000$$$4500 | ||
|---|---|---|---|
| 001 | 0100101 | ||
| 005 | 20240502072110.8 | ||
| 041 | 0 | |a slo | |
| 044 | |a SK | ||
| 245 | 1 | 0 | |a Manažment hodnoty hotelových zariadení |c Miroslav Jakubec, Peter Kardoš |
| 520 | |a Analýza špecifických činností pri podnikaní v hoteliérstve. Typy a ohodnotenia v hotelovom priemysle. Spracovanie benchmarkingu. Hotel ako podnik. Produkt a marketing. Metóda optimalizácie zisku (yield management). | ||
| 610 | 2 | 0 | |a hotely |
| 610 | 2 | 0 | |a marketing služieb |
| 610 | 2 | 0 | |a marketing mix |
| 610 | 2 | 0 | |a zariadenia ubytovacie |
| 610 | 2 | 0 | |a hotelierstvo |
| 610 | 2 | 0 | |a zákazníci |
| 100 | 1 | |a Jakubec, Miroslav | |
| 700 | 1 | |a Kardoš, Peter | |